Central Library OPAC University of Rajshahi

موسوعة الشعر العربي الحديث والمعاصر : حصر شامل لشعراء العالم العربي كله (7000 شاعرن) ودواوينهم، والمختارات والمجموعات والمطولات الشعرية، ودراسة حديثة لدواوينهم ومسيرة تطورها: العنوان، والمقدمات، والجمع والتحقيق، والنشر والطباعة، والتجنيس الادبي / Mawsūʻat al-shiʻr al-ʻArabī al-ḥadīth wa-al-muʻāṣir : ḥaṣr shāmil li-shuʻarāʼ al-ʻālam al-ʻArabī kullih (7000 shāʻiran) wa-dawāwīnihim, wa-al-mukhtārāt wa-al-majmūʻāt wa-al-muṭawwalāt al-shiʻrīyah, wa-dirāsah ḥadīthah li-dawāwīnihim wa-masīrat taṭawwurihā: al-ʻunwān, wa-al-muqaddimāt, wa-al-jamʻ wa-al-taḥqīq, wa-al-nashr wa-al-ṭibāʻah, wa-al-tajnīs al-adabī (Record no. 78489)

MARC details
000 -LEADER
fixed length control field 01707aaa a2200253 a 4500
001 - CONTROL NUMBER
control field 78489
003 - CONTROL NUMBER IDENTIFIER
rucl marc code BD-RjUL
005 - DATE AND TIME OF LATEST TRANSACTION
control field 20211209083132.0
008 - FIXED-LENGTH DATA ELEMENTS--GENERAL INFORMATION
fixed length control field 210928s20051426su ||||| brb| 001 p ara d
020 ## - INTERNATIONAL STANDARD BOOK NUMBER
International Standard Book Number 977382053X
035 ## - SYSTEM CONTROL NUMBER
System control number (BD-RjUL)78715
040 ## - CATALOGING SOURCE
Original cataloging agency BD-RjUL
Language of cataloging eng
Transcribing agency BD-RjUL
041 ## - LANGUAGE CODE
Language code of text/sound track or separate title ara
082 ## - DEWEY DECIMAL CLASSIFICATION NUMBER
Edition number 23
Classification number 016.89271092
Author mark and year NAM 2005[1426]
100 ## - MAIN ENTRY--PERSONAL NAME
Personal name نوفل، يوسف حسن.. ;; Yūsuf Ḥasan Nawfal
9 (RLIN) 248570
245 ## - TITLE STATEMENT
Title موسوعة الشعر العربي الحديث والمعاصر : حصر شامل لشعراء العالم العربي كله (7000 شاعرن) ودواوينهم، والمختارات والمجموعات والمطولات الشعرية، ودراسة حديثة لدواوينهم ومسيرة تطورها: العنوان، والمقدمات، والجمع والتحقيق، والنشر والطباعة، والتجنيس الادبي / Mawsūʻat al-shiʻr al-ʻArabī al-ḥadīth wa-al-muʻāṣir : ḥaṣr shāmil li-shuʻarāʼ al-ʻālam al-ʻArabī kullih (7000 shāʻiran) wa-dawāwīnihim, wa-al-mukhtārāt wa-al-majmūʻāt wa-al-muṭawwalāt al-shiʻrīyah, wa-dirāsah ḥadīthah li-dawāwīnihim wa-masīrat taṭawwurihā: al-ʻunwān, wa-al-muqaddimāt, wa-al-jamʻ wa-al-taḥqīq, wa-al-nashr wa-al-ṭibāʻah, wa-al-tajnīs al-adabī
Statement of responsibility, etc. يوسف حسن نوفل. ;; Yūsuf Ḥasan Nawfal
260 ## - PUBLICATION, DISTRIBUTION, ETC. (IMPRINT)
Place of publication, distribution, etc. القاهرة :
Name of publisher, distributor, etc. مؤسسة المختار،
Date of publication, distribution, etc. ٢٠٠٥
Place of publication, distribution, etc. al-Qāhirah :
Name of publisher, distributor, etc. Muʼassasat al-Mukhtār,
Date of publication, distribution, etc. 2005
300 ## - PHYSICAL DESCRIPTION
Pagination 1085 pages ;
Size 24 cm
650 ## - SUBJECT ADDED ENTRY--TOPICAL TERM
Topical term or geographic name as entry element Arabic poetry
Form subdivision Bibliography.
Chronological subdivision 20th century
9 (RLIN) 248571
Topical term or geographic name as entry element Arabic poetry.
9 (RLIN) 248572
Topical term or geographic name as entry element Poets,
Geographic subdivision Arab
9 (RLIN) 248573
942 ## - ADDED ENTRY ELEMENTS (KOHA)
Source of classification or shelving scheme Dewey Decimal Classification
Koha item type Books
Holdings
Lost status Source of classification or shelving scheme Damaged status Not for loan Collection code Permanent Location Current Location Shelving location Date acquired Source of acquisition Cost, normal purchase price Total Checkouts Full call number Date last seen Copy number Koha item type
  Dewey Decimal Classification   Not For Loan Reference Central Library, University of Rajshahi Central Library, University of Rajshahi   18/11/2009 Ahsania Mission, Dhaka 1400.00   AR 016.89271092 NAM 2005[1426] 28/09/2021 C-1 Books